00375nam a2200109Ia 4500082001400000245004100014100004800055942000700103008004100110999001900151952009500170 aJ920|ETIN 0aJacob Zuma: South African president  a Earl C.F. [South Africa], [c.2012]  cBK210817s9999 xx 000 0 und d c165145d165144 00104070aEMTHLbEMTHLd2021-08-18g220.00l0p3322810039722r2021-08-18w2021-08-18yBK